00377nam a2200121Ia 4500008004100000082002000041100002100061245003500082260004800117300001000165630001800175650006200193211109s9999||||xx |||||||||||||| ||und|| a894.8123bZAC-L aZacharia, Scaria 0a1987 Le Thirenjedutha Kadhakal bCurrent Book HouseaKottayam Inv 1205c1988 a226p. xGENERAL STACK aMalayalamvMalayalam literaturexMalayalam NovelGeneralia